| 000 | 00397nam a2200169Ia 4500 | ||
|---|---|---|---|
| 001 | 7926 | ||
| 008 | 140321s9999 xx 000 0 und d | ||
| 020 | _a969-432-156-5 | ||
| 040 | _cPK-LaUMT | ||
| 082 |
_a 297.01 _bMUH-S |
||
| 100 | _aMuhammad Saeed Sheikh | ||
| 245 |
_aStudies in muslim philosophy _cMuhammad Saeed Sheikh |
||
| 260 | _c1997 | ||
| 300 | _a250 p. | ||
| 546 | _aEN | ||
| 942 | _cBK | ||
| 999 |
_c9319 _d9319 |
||